000 00870nam a22002417a 4500
005 20100809112022.0
010 _aENG-98924
020 _c45.00
_a8177355708
020 _c40.00
_a9788177355703
035 _aEN-82456
037 _bDBAD/PUB
082 _a305.568095482
100 _aMuthukumar, R.
_99079
245 _aReservation policy in Tamil Nadu /
_cby R.Muthukumar
260 _aChennai
_bPavai Publications
_c2008
270 _a16, Jani Jan Khan Road, Royapettah
_bChennai
_e600014
300 _a122p.
_c21cm (pbk)
500 _aincludes bibliographical references
650 _aReservation - Government policy
_99080
650 _aEquality
_99081
942 _2ddc
_cEN
_h305.568095482
_mMUT
999 _c40260
_d40260